Animal diversity

Đã lưu trong:
Bibliografiske detaljer
Hovedforfatter: CLEVELAND P HICKMAN
Format: Bog
Sprog:Undetermined
Udgivet: Bosston McGraw-Hill 2000
Fag:
Tags: Tilføj Tag
Ingen Tags, Vær først til at tagge denne postø!
Thư viện lưu trữ: Trung tâm Học liệu Trường Đại học Cần Thơ
LEADER 00478nam a2200169Ia 4500
001 CTU_48893
008 210402s9999 xx 000 0 und d
082 |a 590 
082 |b H629 
100 |a CLEVELAND P HICKMAN 
245 0 |a Animal diversity 
245 0 |c CLEVELAND P HICKMAN, Alian Larson, Larry S. Roberts 
260 |a Bosston 
260 |b McGraw-Hill 
260 |c 2000 
650 |a animals - taxonomy,zoology 
980 |a Trung tâm Học liệu Trường Đại học Cần Thơ